000 00732cam a2200217 a 4500
001 000018264
005 20200929165428.0
008 760809s1944 nyu 000 f eng d
040 _aDO-SdBNP
_beng
_cLC
_dBNPHU
082 _a813.54
_bB922g
100 1 _aBuck, Pearl S.
_q(Pearl Sydenstricker),
_d1892-1973
_911588
245 1 4 _aThe good earth /
_cPearl S. Buck.
260 _aNew York :
_bThe Modern Library,
_c1944.
300 _a374 p. ;
_c17 cm.
490 1 _aThe Modern Library of the World's Best Books
650 4 _aNovela estadounidense
_9262
650 4 _aLoiteratura estadounidense
_ySIGLO XX
_939557
830 0 _aThe Modern Library of the World's Best Books
_939558
910 _aCatalogación derivada
049 _aBNGR
999 _c17785
_d17785